The psychology of imagination /
Zapisane w:
| 1. autor: | |
|---|---|
| Format: | Nieznany |
| Język: | English |
| Wydane: |
Londres, New York, :
Rider,
1950.
|
| Hasła przedmiotowe: | |
| Etykiety: |
Dodaj etykietę
Nie ma etykietki, Dołącz pierwszą etykiete!
|
MARC
| LEADER | 000000000a22000000004500 | ||
|---|---|---|---|
| 001 | 011678 | ||
| 041 | 0 | |a eng | |
| 082 | 0 | 4 | |a 155 |b S249p |
| 100 | 1 | |a Sartre, Jean-Paul, |d 1905-1980 | |
| 245 | 1 | 4 | |a The psychology of imagination / |c Jean-Paul Sartre. |
| 260 | 1 | |a Londres, New York, : |b Rider, |c 1950. | |
| 300 | |a 222 páginas 22 cm | ||
| 650 | 4 | |a IMAGINACION | |
| 500 | |a Colección George Yúdice | ||
| 999 | |c 17713 |d 17713 | ||
| 942 | |c BK |h 155 S249p |2 z | ||
